إستخدم عقلك : (رقم التسجيلة. 15394)

تفاصيل مارك
000 -LEADER
fixed length control field 00646nam a22001937a 4500
005 - DATE AND TIME OF LATEST TRANSACTION
control field 20251108164829.0
008 - FIXED-LENGTH DATA ELEMENTS--GENERAL INFORMATION
fixed length control field 250721s1994 xx 000 0 ara d
082 14 - DEWEY DECIMAL CLASSIFICATION NUMBER
Classification number 371.28/طرز
100 1# - MAIN ENTRY--PERSONAL NAME
Personal name الطرزي، نصري خضر
245 10 - TITLE STATEMENT
Title إستخدم عقلك :
Remainder of title دليلك إلى دراسة أفضل /
264 1# - PRODUCTION, PUBLICATION, DISTRIBUTION, MANUFACTURE, AND COPYRIGHT NOTICE
Place of production, publication, distribution, manufacture عمان :
Name of producer, publisher, distributor, manufacturer دار التنوير العلمي للنشر والتوزيع،
Date of production, publication, distribution, manufacture, or copyright notice 1994.
300 ## - PHYSICAL DESCRIPTION
Extent 152ص.
650 17 - SUBJECT ADDED ENTRY--TOPICAL TERM
Topical term or geographic name as entry element النجاح
650 17 - SUBJECT ADDED ENTRY--TOPICAL TERM
Topical term or geographic name as entry element الذاكرة
650 17 - SUBJECT ADDED ENTRY--TOPICAL TERM
Topical term or geographic name as entry element الإختبارات و القياسات التربوية
650 17 - SUBJECT ADDED ENTRY--TOPICAL TERM
Topical term or geographic name as entry element التقييم التربوي
942 ## - ADDED ENTRY ELEMENTS (KOHA)
Source of classification or shelving scheme Dewey Decimal Classification
Koha item type كتب
المقتنيات
حالة السحب حالة الفقدان مصدر التصنيف حالة التلف غير قابل للإعارة المكتبة الرئيسية المكتبة الحالية موقع الرف تاريخ التزويد الرقم المتسلسل Total Checkouts رقم الإستدعاء تاريخ آخر ظهور تاريخ الفاتورة نوع المادة (كوها) الباركود
    Dewey Decimal Classification Unchecked   مكتبة الأميرة ايمان العامة مكتبة الأميرة ايمان العامة الإعارة 06/07/2004 1283   371.28/طرز 28/07/2025 06/07/2004 كتب  
    Dewey Decimal Classification Unchecked   مكتبة الجويدة مكتبة الجويدة الإعارة 06/07/2004 3907   371.28/طرز 28/07/2025 06/07/2004 كتب  
    Dewey Decimal Classification Unchecked   مكتبة الحسن العامة مكتبة الحسن العامة الإعارة 06/07/2004 8091   371.28/طرز 28/07/2025 06/07/2004 كتب  
    Dewey Decimal Classification     مكتبة النصر العامة مكتبة النصر العامة الإعارة 07/03/2015 6212.   371.28/طرز 28/07/2025 07/03/2015 كتب PLD00317631
    Dewey Decimal Classification Unchecked   مكتبة صويلح العامة مكتبة صويلح العامة الإعارة 06/07/2004 8809   371.28/طرز 28/07/2025 06/07/2004 كتب  
Implemented & Customized by: BBB with SCIT (Smart Chains for Information Technology)

Powered by Koha